Sarakārī Bhāshā-Kamishana dī rapoṭa. (Record no. 55820)

MARC details
000 -LEADER
fixed length control field 00666cam a22002411 4500
001 - CONTROL NUMBER
control field sa 63004710
003 - CONTROL NUMBER IDENTIFIER
control field DLC
005 - DATE AND TIME OF LATEST TRANSACTION
control field 20260227111951.0
008 - FIXED-LENGTH DATA ELEMENTS--GENERAL INFORMATION
fixed length control field 941017s1956 ii j b 000 0 pano
010 ## - LIBRARY OF CONGRESS CONTROL NUMBER
LC control number sa 63004710
025 ## - OVERSEAS ACQUISITION NUMBER
Overseas acquisition number PL480:I-Pu-263
035 ## - SYSTEM CONTROL NUMBER
System control number (OCoLC)31300669
040 ## - CATALOGING SOURCE
Original cataloging agency DLC
Transcribing agency CU
Modifying agency CU
-- DLC
042 ## - AUTHENTICATION CODE
Authentication code premarc
050 00 - LIBRARY OF CONGRESS CALL NUMBER
Classification number JQ220.L3
Item number A56 1956a
110 1# - MAIN ENTRY--CORPORATE NAME
Corporate name or jurisdiction name as entry element India (Republic)
Subordinate unit Official Language Commission.
245 10 - TITLE STATEMENT
Title Sarakārī Bhāshā-Kamishana dī rapoṭa.
260 ## - PUBLICATION, DISTRIBUTION, ETC.
Date of publication, distribution, etc. [1956?]
300 ## - PHYSICAL DESCRIPTION
Extent 10, xiii, 562 p.
Other physical details tables.
Dimensions 24 cm.
500 ## - GENERAL NOTE
General note In Panjabi.
504 ## - BIBLIOGRAPHY, ETC. NOTE
Bibliography, etc. note Bibliographical footnotes.
651 #0 - SUBJECT ADDED ENTRY--GEOGRAPHIC NAME
Geographic name India
General subdivision Languages.

No items available.

Powered by Koha